مكتبة جامعة عجلون الوطنية

فهرس بحث المكتبة

جمعية المحافظة على القران الكريم : سيرة ومسيرة (Record no. 33870)

MARC details
000 -LEADER
fixed length control field 00598nam a22001697a 4500
003 - CONTROL NUMBER IDENTIFIER
control field JO-AjAnu
005 - DATE AND TIME OF LATEST TRANSACTION
control field 20250309104449.0
008 - FIXED-LENGTH DATA ELEMENTS--GENERAL INFORMATION
fixed length control field 250304b jo ||||| |||| 00| 0 ara d
020 ## - INTERNATIONAL STANDARD BOOK NUMBER
International Standard Book Number 978-9923-0-1-1254-3
040 ## - CATALOGING SOURCE
Transcribing agency JO-AjAnu
041 ## - LANGUAGE CODE
Language code of original ARA
245 ## - TITLE STATEMENT
Title جمعية المحافظة على القران الكريم : سيرة ومسيرة
Statement of responsibility, etc. / اعداد حسين عبد الحافظ عساف
260 ## - PUBLICATION, DISTRIBUTION, ETC.
Place of publication, distribution, etc. عمان :
Name of publisher, distributor, etc. المؤلف،
Date of publication, distribution, etc. 2024
300 ## - PHYSICAL DESCRIPTION
Extent 264 صفحه
650 ## - SUBJECT ADDED ENTRY--TOPICAL TERM
Form subdivision القرآن-دراسة وتعليم-القراءات والتجويد-تحفيظ
942 ## - ADDED ENTRY ELEMENTS (KOHA)
Source of classification or shelving scheme Library of Congress Classification
Koha item type Books
Suppress in OPAC No
Holdings
Withdrawn status Lost status Source of classification or shelving scheme Damaged status Not for loan Home library Current library Date acquired Total Checkouts Full call number Barcode Date last seen Price effective from Koha item type
    Library of Congress Classification     مكتبة جامعة عجلون الوطنية مكتبة جامعة عجلون الوطنية 04/03/2025   BP130.77.A823.2024 A30133 04/03/2025 04/03/2025 Books